University Home | Library Home | Institutional Repository

Cambridge IGCSE Mathematics : (Record no. 216528)

MARC details
000 -LEADER
fixed length control field 00718 a2200241 4500
005 - DATE AND TIME OF LATEST TRANSACTION
control field 20260417090823.0
008 - FIXED-LENGTH DATA ELEMENTS--GENERAL INFORMATION
fixed length control field 260409b |||||||| |||| 00| 0 eng d
020 ## - INTERNATIONAL STANDARD BOOK NUMBER
International Standard Book Number 9781108525732
040 ## - CATALOGING SOURCE
Original cataloging agency LC
Transcribing agency UNZA
Description conventions RDA
050 ## - LIBRARY OF CONGRESS CALL NUMBER
Classification number QA 43
Item number MOR 2018.
100 ## - MAIN ENTRY--PERSONAL NAME
Personal name Morrison. Karen
Relator term author
245 ## - TITLE STATEMENT
Title Cambridge IGCSE Mathematics :
Remainder of title core and extended coursebook /
Statement of responsibility, etc. Karen Morrison and Nick Hamshaw.
250 ## - EDITION STATEMENT
Edition statement Second Edition
260 ## - PUBLICATION, DISTRIBUTION, ETC.
Name of publisher, distributor, etc. Cambridge University Press :
Date of publication, distribution, etc. 2018.
Place of publication, distribution, etc. London,
300 ## - PHYSICAL DESCRIPTION
Extent vii, 700 pages :
Other physical details illustrations.
336 ## - CONTENT TYPE
CONTENT TYPE Text
337 ## - MEDIA TYPE
MEDIA TYPE Unmediated
338 ## - CARRIER TYPE
CARRIER TYPE Volume
504 ## - BIBLIOGRAPHY, ETC. NOTE
Bibliography, etc. note Includes index.
650 ## - SUBJECT ADDED ENTRY--TOPICAL TERM
Topical term or geographic name entry element Mathematics.
700 ## - ADDED ENTRY--PERSONAL NAME
Personal name Hamshaw, Nick
Relator term author
942 ## - ADDED ENTRY ELEMENTS (KOHA)
Koha item type Book
999 ## -
-- 216528
-- 216528
Holdings
Withdrawn status Lost status Source of classification or shelving scheme Damaged status Not for loan Collection code Home library Current library Date acquired Source of acquisition Cost, normal purchase price Total Checkouts Full call number Barcode Date last seen Copy number Cost, replacement price Price effective from Koha item type Shelving location
    Library of Congress Classification     Non-fiction Main Library Main Library 04/09/2026 Donation 300.00   QA 43 MOR 2018. 33729006810662 03/30/2026 1 300.00 03/30/2026 Book  
    Library of Congress Classification     Non-fiction Main Library Main Library 03/30/2026 Donation 300.00   QA 43 MOR 2018. 33729006810720 03/30/2026 2 300.00 03/30/2026 Book On Shelf
    Library of Congress Classification     Non-fiction Main Library Main Library 04/09/2026 Donation 300.00   QA 43 MOR 2018. 33729006811207 03/30/2026 3 300.00 03/30/2026 Book On Shelf
    Library of Congress Classification     Non-fiction Main Library Main Library 03/30/2026 Donation 300.00   QA 43 MOR 2018. 33729006810787 03/30/2026 4 300.00 03/30/2026 Book On Shelf
    Library of Congress Classification     Non-fiction Main Library Main Library 03/30/2026 Donation 300.00   QA 43 MOR 2018. 33729006811140 03/30/2026 5 300.00 03/30/2026 Book On Shelf
    Library of Congress Classification     Non-fiction Main Library Main Library 04/17/2026 Donation 300.00     33729006811504 04/17/2026 6 300.00 04/17/2026 Book  
    Library of Congress Classification     Non-fiction Main Library Main Library 04/17/2026 Donation 300.00     33729006811447 04/17/2026 7 300.00 04/17/2026 Book  
    Library of Congress Classification     Non-fiction Main Library Main Library 04/17/2026 Donation 300.00     33729006811561 04/17/2026 8 300.00 04/17/2026 Book  
    Library of Congress Classification     Non-fiction Main Library Main Library 04/17/2026 Donation 300.00     33729006811629 04/17/2026 9 300.00 04/17/2026 Book  
    Library of Congress Classification     Non-fiction Main Library Main Library 04/17/2026 Donation 300.00     33729006811686 04/17/2026 10 300.00 04/17/2026 Book  
© 2026 - The University of Zambia Library - Koha v25.11